Statistiche per Classifica Marcatori UEFA Champions League 2019-2020

Clicka qui per fare il quiz!

Statistiche generali

  • Questo quiz è stato fatto 42 volte
  • Il punteggio medio è 20 su 25

Statistiche sulle risposte

GolNazioneSquadraCalciatore% Corretto
6BelgioNapoliDries Mertens
100%
10NorvegiaRed Bull Salisburgo/Borussia DortmundErling Haaland
100%
6InghilterraTottenhamHarry Kane
100%
15PoloniaBayern MonacoRobert Lewandowski
100%
5Corea del SudTottenhamSon Heung-min
100%
5SloveniaAtalantaJosip Iličić
98%
5FranciaReal MadrodKarim Benzema
98%
5ArgentinaInterLautaro Martinez
95%
4PortogalloJuventusCristiano Ronaldo
93%
4FranciaParis Saint-GermainKylian Mbappé
93%
5UruguayBarcellonaLuis Suárez
93%
4EgittoLiverpoolMohamed Salah
93%
6InghilterraManchester CityRaheem Sterling
90%
4GermaniaBayern MonacoThomas Müller
90%
6Paesi BassiOlympique LioneMemphis Depay
88%
6BrasileManchester CityGabriel Jesus
83%
5ArgentinaParis Saint-GermainMauro Icardi
80%
4BrasileReal MadridRodrygo
73%
9GermaniaBayern MonacoSerge Gnabry
73%
4SveziaRed Bull LipsiaEmil Forsberg
68%
4GermaniaRed Bull LipsiaTimo Werner
68%
4MaroccoBorussia DortmundAchraf Hakimi
65%
4AustriaRed Bull LipsiaMarcel Sabitzer
50%
4CroaziaDinamo ZagabriaMislav Oršić
38%
4Paesi BassiAjaxQuincy Promes
10%

Distribuzione punteggi

Percentile per numero di risposta

Percentuale di utenti per punteggio

I tuoi punteggi nel tempo

Non hai fatto questo quiz